1119 1827 1520 1180 1135 1114 1174 1974 1245 1327 1969 1665 1405 1594 1766 1631 1872 1511 1294 1154 1408 1668 1395 1181 1810 1683 1385 1871 1183 1334 1448 1834 1424 1713 1036 1148 1135 1026 1458 1170 1716 1045 1201 1891 1381 1333 1191 1149 1513 1333 1730 1995 1297 1395 1228 1022 1419 1044 1985 1005 1160 1195 1506 1966 1207 1568 1780 1802 1583 1831 1763 1755 1922 1803 1735 1272 1146 1245 1813 1671 1509 1957 1802 1365 1956 1195 1049 1902 1750 1878 1512 1379 1619 1311 1836 1452 1221 1634 1167 BCNSPRNW ULIB Ver.6.0+V

เปลี่ยนเป็นภาษาไทย

Change to English
 แสดงรายละเอียดบรรณานุกรม
  กลับหน้าหลัก

Brief Record : Get Marc (ISO 2709) : E-mail record : QR code < ปิดหน้าต่าง
LEADER : 00000nam 2200000uu 4500
001    13399125254
003     ULIB
008    161129s||||||||th 000 0 tha d
060 04 ^aWC503^bอ523ก
100 0  ^aอาจารย์อัญสุรีย์ เสวกวรรณ์
110 1  ^aวิทยาลัยพยาบาลบรมราชนนี สวรรค์ประชารักษ์ นครสวรรค์
245 00 ^aการพยาบาลเพื่อสร้างเสริมสุขภาพผู้ติดเชื้อ เอช ไอ วีที่ได้รับยาต้านไวรัสเอดส์/^cอาจารย์อัญสุรีย์ เสวกวรรณ์
300    ^aนครสวรรค์ :^bวิทยาลัยพยาบาลบรมราชนนี สวรรค์ประชารักษ์ นครสวรรค์
650  0 ^aการพยาบาล^bผู้ติดเชื้อเอช ไอ วี
700 0  ^aยาต้านไวรัสเอดส์
945    ^p0^l0^i001534
999    ^aวรรณษา ชูชัยมงคล
รายการนี้ยังไม่มีแท็ก
คุณยังไม่ได้ล็อกอิน คุณสามารถมีกิจกรรมร่วมกับเว็บไซต์ได้ แต่ต้องล็อกอินก่อน ::
  ล็อกอิน

รายการสื่อสารสนเทศ

ลำดับที่ ประเภท เลขเรียก/บาร์โค้ด สถานที่ สถานะ
1. Book การพยาบาล
Book การพยาบาล
WC503 อ523ก ฉ.1 
  Barcode: 001534
ห้องสมุดวิทยาเขตสวรรค์ประชารักษ์
►หนังสือทั่วไป
บนชั้น

BibComment


ยังไม่เคยถูกคอมเมนท์

คอมเมนท์ทรัพยากรรายการนี้
  คอมเมนท์: การพยาบาลเพื่อสร..


 Copyright 2026. Bcnsprnw @Library